00282nam a2200109Ia 4500008004100000041000800041082001400049100001000063245004000073260004000113300001900153241028s9999 xx 000 0 und d aeng a658.3 MEL aMello aStrategic Human Resource Management bCengage Learning IndiaaDehlic2019 a514;. P. 25 cm